000
00284nam a22001217a 4500
008
170523b xxu||||| |||| 00| 0 eng d
041
_a
eng
080
_a
94
100
_a
16
101
_a
SHH
245
_a
THE PEASANT IN NINETENT CENTURY RUSIA
_c
VUCINICH.M.S
942
_2
udc
_c
BK
999
_c
13900
_d
13900